Tissue-specific vascular endothelial signals and vector targeting, part B. Volume 69 (Record no. 32916)

MARC details
000 -LEADER
fixed length control field 00748nam a2200181 a 4500
008 - FIXED-LENGTH DATA ELEMENTS--GENERAL INFORMATION
fixed length control field 160803s2010 ||||||||||||||||| || u
020 ## - INTERNATIONAL STANDARD BOOK NUMBER
International Standard Book Number 9780123750228
050 ## - LIBRARY OF CONGRESS CALL NUMBER
Classification number RC 691.4 Tis
100 ## - MAIN ENTRY--PERSONAL NAME
Personal name Pasqualini, Renata
245 10 - TITLE STATEMENT
Title Tissue-specific vascular endothelial signals and vector targeting, part B. Volume 69
Statement of responsibility, etc. Edited by Renata Pasqualini
260 ## - PUBLICATION, DISTRIBUTION, ETC.
Place of publication, distribution, etc. Amsterdam
Name of publisher, distributor, etc. Elsevier
Date of publication, distribution, etc. 2010
300 ## - PHYSICAL DESCRIPTION
Extent xi, 157p.: ill.
350 ## -
-- 180.00
490 ## -
-- Advances in genetics
650 ## - SUBJECT ADDED ENTRY--TOPICAL TERM
Topical term or geographic name entry element VASCULAR ENDOTHELIUM--CONGRESSES
650 ## - SUBJECT ADDED ENTRY--TOPICAL TERM
Topical term or geographic name entry element VASCULAR ENDOTHELIAL CELLS
995 ## -
-- MEDICAL LIBRARY OPEN ACCESS
-- 746330
-- CBU-SCHOOL OF MEDICINE LIBRARY (Ndola)
-- 180.00
-- RC 691.4 Tis
-- 1
-- AVAILABLE
-- Sep 19, 2016
-- 746330
-- Medical Library Open Access Collection
999 ## -
-- 32916
-- 32916
Holdings
Withdrawn status Lost status Source of classification or shelving scheme Damaged status Not for loan Permanent Location Current Location Shelving location Date acquired Total Checkouts Full call number Barcode Date last seen Price effective from Koha item type
          CBU-SCHOOL OF MEDICINE LIBRARY, NDOLA. CBU-SCHOOL OF MEDICINE LIBRARY, NDOLA.   11/30/2022   RC 691.4 Tis 746330 11/30/2022 11/30/2022 MONOGRAPH